| 000 | 01429nac a22003851u 4500 | ||
|---|---|---|---|
| 999 |
_c9076 _d9076 |
||
| 003 | EG-ScBUE | ||
| 005 | 20210504095434.0 | ||
| 008 | 200219s2001 enk f bd 000 0 eng d | ||
| 020 | _a0415202426 (pbk.) | ||
| 020 | _a9780415202428 (pbk.) | ||
| 035 | _a(OCoLC)ocm45556156 | ||
| 035 | _a(OCoLC)45556156 | ||
| 040 |
_aEG-ScBUE _beng _erda _cEG-ScBUE _dEG-ScBUE |
||
| 082 | 0 | 4 |
_a821.1 _bRUD _222 |
| 100 | 1 |
_aRudd, Gillian, _eauthor. |
|
| 245 | 1 | 4 |
_aThe complete critical guide to Geoffrey Chaucer / _cGillian Rudd. |
| 264 | 1 |
_aLondon ; _aNew York : _bRoutledge, _c2001. |
|
| 300 |
_ax, 200 pages ; _c22 cm. |
||
| 336 |
_2rdacontent _atext _btxt |
||
| 337 |
_2rdamedia _aunmediated _bn |
||
| 338 |
_2rdacarrier _avolume _bnc |
||
| 490 | 0 | _aComplete critical guide to English literature | |
| 500 | _aIncludes glossary. | ||
| 504 | _aIncludes bibliographical references and index. | ||
| 600 | 1 | 7 |
_aChaucer, Geoffrey, _dd. 1400 _xCriticism and interpretation. _2BUEsh _941393 |
| 600 | 1 | 7 |
_aChaucer, Geoffrey, _dd. 1400 _2BUEsh _941393 |
| 600 | 1 | 7 |
_aChaucer, Geoffrey, _dd. 1400 _xCriticism and interpretation. _2BUEsh _941393 |
| 600 | 1 | 7 |
_aChaucer, Geoffrey, _dd. 1400 _2BUEsh _941393 |
| 650 | _2BUEsh | ||
| 651 | _2BUEsh | ||
| 653 |
_bHHUUEENN _cMay2021 |
||
| 655 |
_vReading book _934232 |
||
| 856 | 4 | 2 |
_3Publisher description _uhttp://www.loc.gov/catdir/enhancements/fy0649/00067376-d.html |
| 942 |
_cBB _kRUD821.1 _2ddc |
||